000 01640aam a2200229 i 4500
003 KPN
005 20260430154725.0
008 20260430b 00| 00 my d
020 _a9789678607230
_qpaperback
_cRM32.00
040 _cKPN
082 0 4 _aBM FD MUR 2016
_223
090 0 0 _aBM FD MUR 2016
_bMUR
100 0 _aMurni Aqila,
_eauthor.
245 1 0 _aTunang tak guna /
_cMurni Aqila
264 1 _aShah Alam, Selangor :
_bGrup Buku Karangkraf Sdn. Bhd.,
_c2016
300 _a710 pages ;
_c19 cm
521 _aShila bertunang dengan Ezzat. Mereka suka sama suka. Si Shila ni perangainya pelik sikit. Cepat menggelabah. Kalut tak tentu pasal. Kuat melatah. Lurus bendul. Tapi baik hati. Ezzat ni pulak kononnya cinta sepenuh hati pada Shila. Namun pada hari mereka akan disatukan, Ezzat lari dari kampung! Tak tahulah sebab apa. Sakit otak agaknya. Tak guna! Shila punyalah kecewa... menangis tak berhenti. Dahlah satu keluarga dapat malu. Menanggung hutang lagi. Kena kutuk pulak tu. Siapa yang tak sedih? Tanpa disangka, rumah Shila terbakar. Semua tak dapat diselamatkan. Berita duka itu sampai kepada pengetahuan Ezzat. Menyesal tak sudah Ezzat dibuatnya. Walau dah bertahun-tahun, dia masih menyesal tinggalkan Shila. Ditakdirkan dia jumpa gadis berwajah seiras Shila. Tapi gadis tu bergaya. Perangai pulak garang gila. Muka Ezzat selamba dia lempang. Padan muka Ezzat! Barulah bertemu buku dengan ruas. Ezzat panggil gadis tu awek rimau. Hmm... apa yang terjadi antara Ezzat dengan awek rimau agaknya?
650 1 4 _aMalaysian fiction (Malay)
650 2 0 _aMalay fiction
650 2 0 _aRomance fiction, Malay
942 _2ddc
_c1
_n0
999 _c1850
_d1850